History Quiz

Random History or Year Quiz

Historical Events of 2007 Quiz Stats

 Plays Quiz Updated Aug 30, 2017

Score 0/20 Timer 10:00
1 Play Today
Clue % Correct
The PGA Championship is won by this golferTiger Woods
72.5%
Set at Caltech, this sitcom premieres on CBSThe Big Bang Theory
69.5%
This seventh and final Harry Potter novel is releasedHarry Potter and the Deathly Hallows
64%
A Californian representative, she becomes the first female Speaker of the United States House of RepresentativesNancy Pelosi
64%
33 are killed in shootings at this universityVirginia Tech
62%
This American motorcycle daredevil who once jumped 50 cars on a Harley-Davidson XR-750 passes away at 69Evel Knievel
56.2%
This musical film starring Beyoncé Knowles, Jamie Foxx, and Eddie Murphy is nominated for 8 Academy AwardsDreamgirls
55.9%
39 years old, this American 1993 Playmate of the Year passes awayAnna Nicole Smith
51%
This team beats the Chicago Bears 29-17 to win Super Bowl XLI at Dolphin StadiumIndianapolis Colts
44.8%
Spurs point guard and Frenchman, he is named NBA Finals MVPTony Parker
43.7%
Clue % Correct
These two nations become the newest members of the European Union (name either)Bulgaria and Romania
41.6%
Pervez Musharraf declares a state of emergency in this countryPakistan
40.9%
This French Minister of the Interior wins the French presidential electionNicolas Sarkozy
38.9%
This blockbuster starring Matt Damon, David Strathairn, and Joan Allen hits theatersThe Bourne Ultimatum
35.7%
With 23, this receiver sets the NFL record for the most touchdown receptions in a seasonRandy Moss
32.9%
It becomes the world's tallest free standing structure, besting the CN Tower in TorontoBurj Dubai
30.8%
Craig Venter becomes the first person to publish his complete DNA sequence, which is known by this six-letter termgenome
29.9%
______ & _______ 3: Tiberium Wars is released for WindowsCommand and Conquer
17.6%
The 2007 Tour de France is won by this Spanish cyclistAlberto Contador
14.6%
Radiohead releases this album as a digital download on their own websiteIn Rainbows
13.9%

You're not logged in!

Compare scores with friends on all Sporcle quizzes.
OR
Log In

Sporcle TV

Today on Sporcle TV


Watch our educational content, quiz creation guides, and fun videos on Sporcle TV.

Show Comments

Extras

Top Quizzes Today


Score Distribution

Your Account Isn't Verified!

In order to create a playlist on Sporcle, you need to verify the email address you used during registration. Go to your Sporcle Settings to finish the process.

Report this User

Report this user for behavior that violates our Community Guidelines.

Details: